Ont-ils déjà joué avec... John Cena ? - Statistiques

Statistiques générales
  • Ce quiz a été pris 28 fois
  • Le résultat moyen est 3 sur 10
Answers on the Grid
Answers color-coded by a green-red scale on the quiz's grid according to % correct below.
Jean-Claude Van Damme
Johnny Depp
Megan Fox
Alicia Vikander
Sofia Coppola
Steven Seagal
Jean-Pascal Zadi
Brad Pitt
Kim Kardashian
Jackie Chan
Nicolas Cage
Steve Buscemi
Kevin Hart
Patricia Clarkson
Pedro Pascal
Dwayne Johnson
Tilda Swinton
Zac Efron
Will Ferrell
Mel Gibson
 
Statistiques - réponses
Réponse % Correct
Dwayne Johnson
75%
Zac Efron
63%
Kevin Hart
44%
Jackie Chan
25%
Pedro Pascal
25%
Tilda Swinton
19%
Will Ferrell
19%
Mel Gibson
13%
Patricia Clarkson
13%
Steve Buscemi
13%
Aucun quiz correspondant
Distribution des résultats
% des personnes avec chaque résultat
Percentile par nombre de réponses
Votre historique - résultats
Vous n’avez pas pris ce quiz